[Event "ICA Summer Classic (Open)"]
[Site "Boise, ID"]
[Date "2013.08.17"]
[Round "1.8"]
[White "Olsoy, Peter John"]
[Black "Anthony, Ralph J"]
[Result "1-0"]
[WhiteElo "1745"]
[BlackElo "1510"]
[EventRounds "5"]
[EventCountry "USA"]

1. e4 d6 2. d4 Nf6 3. Nc3 g6 4. Bc4 Nxe4 5. Nxe4 d5 6. Bb5+ c6 7. Bd3 dxe4 8.
Bxe4 Bg7 9. Ne2 Bf5 10. Bxf5 Qa5+ 11. c3 Qxf5 12. Ng3 Qd5 13. O-O O-O 14. Bf4
Nd7 15. Qb3 Qxb3 16. axb3 e5 17. dxe5 Nxe5 18. Rfd1 Rad8 19. Rxd8 Rxd8 20.
Rxa7 Rd1+ 21. Nf1 Nd3 22. Ra8+ Bf8 23. Bh6 {#r} 1-0

[Event "ICA Summer Classic (Open)"]
[Site "Boise, ID"]
[Date "2013.08.17"]
[Round "1.10"]
[White "Douglas, Kurt P"]
[Black "Gallivan, Ryan Odell"]
[Result "0-1"]
[WhiteElo "1707"]
[BlackElo "1406"]
[EventRounds "5"]
[EventCountry "USA"]

1. e4 Nf6 2. e5 Nd5 3. c4 Nb6 4. d4 d6 5. f4 dxe5 6. fxe5 Nc6 7. Nf3 e6 8. a3
Be7 9. Be2 O-O 10. O-O f6 11. Bf4 Nd7 12. Nc3 b6 13. Rc1 Bb7 14. b4 Qe8 15.
exf6 Bxf6 16. Bxc7 e5 17. d5 Nd4 18. Nxd4 exd4 19. Nb5 Qe3+ 20. Kh1 Be5 21.
Bd3 Rf2 22. Rxf2 Qxf2 23. Qe2 Qf4 24. Qxe5 Qxc1+ 25. Qe1 Qxe1+ {#R} 0-1

[Event "ICA Summer Classic (Open)"]
[Site "Boise, ID"]
[Date "2013.08.17"]
[Round "1.11"]
[White "Buus, Jarod"]
[Black "Sanderson, Kenneth"]
[Result "0-1"]
[WhiteElo "1201"]
[BlackElo "1700"]
[EventRounds "5"]
[EventCountry "USA"]

1. e4 e6 2. d4 d5 3. e5 c5 4. c3 Nc6 5. Nf3 Qb6 6. a3 c4 7. Be2 f6 8. Nbd2
fxe5 9. dxe5 Nge7 10. Nf1 Ng6 11. Rb1 Ncxe5 12. Nxe5 Nxe5 13. Bf4 Nf7 14. Ng3
Bd6 15. Bxd6 Nxd6 16. Bh5+ g6 17. Bg4 Nf7 18. O-O Bd7 19. Re1 O-O-O 20. Ne2
Ne5 21. Bh3 Nd3 22. Rf1 Rhf8 23. Nd4 e5 24. Bxd7+ Rxd7 25. Nf3 Rdf7 {#R} 0-1

[Event "ICA Summer Classic (Open)"]
[Site "Boise, ID"]
[Date "2013.08.17"]
[Round "2.1"]
[White "Pupols, Viktors"]
[Black "Olsoy, Peter John"]
[Result "1-0"]
[WhiteElo "2214"]
[BlackElo "1745"]
[EventRounds "5"]
[EventCountry "USA"]

1. d4 Nf6 2. c4 e6 3. Nf3 d5 4. Nc3 Be7 5. Bg5 h6 6. Bh4 O-O 7. e3 Nbd7 8. Qc2
b6 9. cxd5 exd5 10. Bd3 Bb7 11. O-O c5 12. b3 Rc8 13. dxc5 Bxc5 14. Qb2 Bb4
15. Ne2 Be7 16. Ned4 Ne4 17. Bxe7 Qxe7 18. Nf5 Qf6 19. Qxf6 Ndxf6 20. Ne7+ Kh8
21. Nxc8 Bxc8 22. Nd4 Nc5 23. Be2 Bd7 24. Rac1 a5 25. Rfd1 Be6 26. h3 Nfe4 27.
f3 Ng3 28. Bd3 h5 29. h4 g5 30. hxg5 h4 31. Bb1 Rg8 32. g6 Kg7 33. Kf2 Bc8 34.
gxf7 Kxf7 35. a3 Re8 36. b4 axb4 37. axb4 Na4 38. Nb5 Rd8 39. Rxc8 Rxc8 40.
Nd6+ Ke6 41. Nxc8 Nb2 42. Rd4 {#r} 1-0

[Event "ICA Summer Classic (Open)"]
[Site "Boise, ID"]
[Date "2013.08.17"]
[Round "2.2"]
[White "Roland, Jeffrey T"]
[Black "Kircher, Caleb Paul"]
[Result "0-1"]
[WhiteElo "1731"]
[BlackElo "1823"]
[EventRounds "5"]
[EventCountry "USA"]

1. d4 d5 2. c4 c6 3. Nf3 e6 4. e3 f5 5. Nc3 Nf6 6. Bd2 Bd6 7. Ne5 O-O 8. f4
Nbd7 9. Be2 Ne4 10. Nxe4 fxe4 11. O-O Qe7 12. Rc1 Bxe5 13. dxe5 c5 14. cxd5
exd5 15. Ba5 Qe6 16. Bg4 Qc6 17. Qc2 b6 18. Bc3 Ba6 19. Be2 Bxe2 20. Qxe2 Rae8
21. Qg4 Rf7 22. Rfd1 c4 23. Bd4 Nc5 24. f5 Nd3 25. e6 Rb7 26. Rc2 a5 27. Rf1
b5 28. Qg5 Qd6 29. Qh5 Rf8 30. Qg5 b4 31. f6 Qxe6 32. Rf5 Rd7 33. f7+ Rdxf7
34. Rf4 Nxf4 35. exf4 Qf5 {(Time Forfeit)} {#R} 0-1

[Event "ICA Summer Classic (Open)"]
[Site "Boise, ID"]
[Date "2013.08.17"]
[Round "2.3"]
[White "Sanderson, Kenneth"]
[Black "Vaughn, Michael E"]
[Result "0-1"]
[WhiteElo "1700"]
[BlackElo "1754"]
[EventRounds "5"]
[EventCountry "USA"]

1. e4 Nc6 2. d4 d5 3. e5 Bf5 4. Nf3 Qd7 5. Bb5 a6 6. Ba4 b5 7. Bb3 Na5 8. O-O
Nxb3 9. axb3 h6 10. b4 e6 11. c3 Ne7 12. Nbd2 Bd3 13. Re1 g5 14. Re3 Bg6 15.
Nb3 Nf5 16. Re1 Bh5 17. Re2 Bxf3 18. gxf3 Rg8 19. Re1 h5 20. h3 Be7 21. Be3
Rg6 22. Nd2 g4 23. fxg4 hxg4 24. hxg4 Qc6 25. Nf1 Kd7 26. f3 Bh4 27. Re2 Rh8
28. Rg2 Nxe3 29. Nxe3 Bg5 30. Kf2 Bf4 31. Qd3 Rgh6 32. Rag1 Bh2 33. Re1 f6 34.
Nf1 Bf4 35. Ng3 fxe5 36. Nh5 e4 37. fxe4 Bg5 38. e5 Bh4+ 39. Ng3 Rf8+ 40. Kg1
Rg8 41. Qf3 Rhg6 42. Qf7+ Kc8 43. Rf1 Rxg4 44. Rff2 Rxg3 45. Qxg8+ Rxg8 46.
Rxg8+ Kb7 47. Rff8 Qd7 48. Rb8+ Kc6 49. Ra8 Qf7 50. Raf8 Qh5 51. Rg2 Qh6 52.
Rf3 Qc1+ 53. Kh2 Bg5 54. Rgf2 Be3 55. Rg2 Bf4+ {#R} 0-1

[Event "ICA Summer Classic (Open)"]
[Site "Boise, ID"]
[Date "2013.08.17"]
[Round "2.5"]
[White "Gallivan, Ryan Odell"]
[Black "Kobernat, Alan E"]
[Result "0-1"]
[WhiteElo "1406"]
[BlackElo "2000"]
[EventRounds "5"]
[EventCountry "USA"]

1. d4 d6 2. e4 Nf6 3. Bd3 e5 4. Nf3 Bg4 5. dxe5 dxe5 6. O-O Bd6 7. b3 Nc6 8.
Bb2 Qe7 9. Nc3 Nd4 10. h3 Nxf3+ 11. gxf3 Bxh3 12. Re1 O-O-O 13. Qd2 Nh5 14.
Nd5 Qh4 15. Bf1 c6 16. Ne3 Bc5 17. Qc3 Bd4 18. Bxh3+ Qxh3 19. Qa5 Nf4 20. Bxd4
exd4 21. Qf5+ Qxf5 22. Nxf5 d3 23. e5 dxc2 24. Nd6+ Rxd6 25. exd6 Nd3 26. Rac1
Nxe1 27. Rxe1 Rd8 28. Rc1 Rxd6 29. Rxc2 Kd7 30. Re2 c5 31. Kg2 b5 32. Rc2 Kc6
33. Kg3 a5 34. f4 Rd3+ 35. f3 Kd5 36. Kf2 Kd4 37. Ke2 c4 {#R} 0-1

[Event "ICA Summer Classic (Open)"]
[Site "Boise, ID"]
[Date "2013.08.17"]
[Round "2.6"]
[White "Gorman, Cody Austin"]
[Black "Hosford, Michael J"]
[Result "0-1"]
[WhiteElo "1657"]
[BlackElo "1882"]
[EventRounds "5"]
[EventCountry "USA"]

1. b3 d6 2. Nf3 Nf6 3. c4 g6 4. Bb2 Bg7 5. g3 O-O 6. Bg2 e5 7. d4 e4 8. Nfd2
e3 9. fxe3 Ng4 10. Nf1 Re8 11. Qd3 Qf6 12. Bf3 Bf5 13. Qc3 Be4 14. Nbd2 Bxf3
15. exf3 Nh6 16. O-O-O c5 17. Kc2 Nc6 18. Kb1 cxd4 19. exd4 Qf5+ 20. Ne4 Rxe4
21. g4 Rxg4+ 22. Ka1 Rxd4 23. Rc1 Be5 24. Ng3 Qf6 25. Qe3 Nf5 26. Qf2 Nb4 27.
f4 Nxg3 28. hxg3 Rxf4 29. gxf4 Bxb2+ 30. Qxb2 Qxb2+ 31. Kxb2 Nd3+ 32. Kc3 Nxc1
33. Rxc1 b6 34. Rd1 Rd8 35. Kd4 f6 36. Kd5 Kf7 37. Kc6 Re8 38. Rxd6 Re6 39.
Rxe6 Kxe6 40. Kb7 h5 41. Kxa7 h4 42. Kxb6 h3 43. c5 h2 44. c6 h1=Q 45. b4 Kd6
46. b5 Qg1+ 47. Kb7 Qc5 48. a4 g5 49. fxg5 fxg5 50. Ka6 Qxc6+ 51. bxc6 Kxc6
{#R} 0-1

[Event "ICA Summer Classic (Open)"]
[Site "Boise, ID"]
[Date "2013.08.17"]
[Round "2.7"]
[White "Pitre, Hanniegn"]
[Black "Zlatnik, Sean Douglas"]
[Result "1-0"]
[WhiteElo "1839"]
[BlackElo "1574"]
[EventRounds "5"]
[EventCountry "USA"]

1. e4 e6 2. d4 d5 3. e5 c5 4. f4 cxd4 5. Nf3 Nc6 6. a3 Nh6 7. Bd3 Be7 8. O-O
O-O 9. b4 a6 10. Qe2 f6 11. Nbd2 fxe5 12. fxe5 Nf5 13. Nb3 Bd7 14. Kh1 Be8 15.
g4 Ne3 16. Nbxd4 Nxf1 17. Nxe6 Qc8 18. Bxh7+ Kh8 19. Bf5 Rxf5 20. gxf5 Nxh2
21. Qxh2+ Kg8 22. Bf4 Bd7 23. Nxg7 Kxg7 24. Rg1+ Kf7 25. Qh5+ Kf8 26. Bh6# 1-0

[Event "ICA Summer Classic (Open)"]
[Site "Boise, ID"]
[Date "2013.08.17"]
[Round "2.10"]
[White "Anthony, Ralph J"]
[Black "Lee, Conrad"]
[Result "1-0"]
[WhiteElo "1510"]
[BlackElo "1694"]
[EventRounds "5"]
[EventCountry "USA"]

1. e4 e5 2. Nf3 Nc6 3. Bb5 a6 4. Ba4 Bc5 5. O-O d6 6. d4 exd4 7. Nxd4 Bd7 8.
Nxc6 bxc6 9. c4 Ne7 10. Nc3 O-O 11. Qe2 Ng6 12. Be3 Bxe3 13. Qxe3 Qe7 14. Rfe1
Ne5 15. b3 Qh4 16. Qg3 Qxg3 17. hxg3 f5 18. f4 Nd3 19. Re2 Rae8 20. Rd1 Nc5
21. Rde1 fxe4 22. Nxe4 Nxa4 23. bxa4 c5 24. a5 Bc6 25. Nc3 Rxe2 26. Rxe2 Re8
27. Rxe8+ Bxe8 28. Nd5 c6 29. Nc7 Bf7 30. Nxa6 Bxc4 31. Nc7 d5 32. a6 Bxa6 33.
Nxa6 c4 34. Kf2 d4 35. Ke2 d3+ 36. Kd2 Kf7 37. Nc5 Kg6 38. a4 Kf5 39. a5 Kg4
40. Ne4 Kf5 41. Nd6+ Ke6 42. Nxc4 Kd7 43. Kxd3 Kc7 44. Kd4 Kb7 45. Kc5 Ka6 46.
Kxc6 h5 47. f5 Ka7 48. Kd6 h4 49. gxh4 g5 50. fxg6 Ka6 51. g7 Ka7 52. Kc7 Ka6
53. g8=R Kb5 54. Rg4 Ka4 55. a6 Kb5 56. a7 Kc5 57. Ne3 Kb5 58. Rc4 Ka5 59.
a8=Q+ Kb5 60. Qa4# 1-0

[Event "ICA Summer Classic (Open)"]
[Site "Boise, ID"]
[Date "2013.08.17"]
[Round "3.1"]
[White "Vaughn, Michael E"]
[Black "Pupols, Viktors"]
[Result "0-1"]
[WhiteElo "1754"]
[BlackElo "2214"]
[EventRounds "5"]
[EventCountry "USA"]

1. d4 Nf6 2. Nf3 d5 3. e3 c6 4. b3 Bf5 5. Bb2 e6 6. a3 Nbd7 7. Nbd2 Be7 8. Ne5
Nxe5 9. dxe5 Nd7 10. f4 Bc5 11. Bd4 Qe7 12. b4 Bb6 13. Nb3 Be4 14. Qd2 O-O 15.
Bd3 c5 16. bxc5 Nxc5 17. Nxc5 Bxc5 18. Bxe4 dxe4 19. a4 Rfd8 20. c3 f5 21. O-O
Qf7 22. Qe2 Rac8 23. Rfb1 h6 24. Rb5 Bxd4 25. cxd4 Rc7 26. Rab1 Rdc8 27. a5
Rc2 28. Qe1 R8c7 29. Qd1 R2c3 30. d5 Rd3 31. Qe1 exd5 32. Qh4 Rd7 33. Qe1 d4
34. exd4 R3xd4 35. h3 R4d5 36. Qe3 Rd2 37. Rxb7 Rxb7 {#R} 0-1

[Event "ICA Summer Classic (Open)"]
[Site "Boise, ID"]
[Date "2013.08.17"]
[Round "3.3"]
[White "Kobernat, Alan E"]
[Black "Pitre, Hanniegn"]
[Result "0-1"]
[WhiteElo "2000"]
[BlackElo "1839"]
[EventRounds "5"]
[EventCountry "USA"]

1. Nf3 Nf6 2. c4 g6 3. b4 Nc6 4. Qa4 b6 5. Bb2 Bg7 6. d4 O-O 7. g3 a5 8. b5
Na7 9. Bg2 d5 10. Ne5 Be6 11. Nd2 c6 12. bxc6 dxc4 13. c7 Qxc7 14. Bxa8 b5 15.
Qc2 Rxa8 16. f3 Nd5 17. Ne4 Bf5 18. Qc1 f6 19. Ng4 Bxg4 20. fxg4 b4 21. Nc5 c3
22. a3 cxb2 23. Qxb2 Kh8 24. axb4 Nxb4 25. O-O Nac6 26. Rac1 Qd6 27. e3 f5 28.
gxf5 gxf5 29. Qg2 Rf8 30. Na4 Bh6 31. Rc3 Nd5 {#R} 0-1

[Event "ICA Summer Classic (Open)"]
[Site "Boise, ID"]
[Date "2013.08.17"]
[Round "3.5"]
[White "Olsoy, Peter John"]
[Black "Gallivan, Ryan Odell"]
[Result "1-0"]
[WhiteElo "1745"]
[BlackElo "1406"]
[EventRounds "5"]
[EventCountry "USA"]

1. e4 Nf6 2. e5 Nd5 3. c4 Nb6 4. d4 d6 5. f4 dxe5 6. fxe5 Nc6 7. Be3 e6 8. Nf3
Be7 9. a3 O-O 10. Bd3 f6 11. exf6 Bxf6 12. Nc3 Qe7 13. O-O e5 14. dxe5 Nxe5
15. Nxe5 Qxe5 16. Bf2 Qe8 17. Qc2 h6 18. c5 Bxc3 19. cxb6 Ba5 20. bxc7 Rxf2
21. Rxf2 Bb6 22. Kh1 Bxf2 23. Qxf2 Qc6 24. Qf4 Bd7 25. Rc1 Qb6 26. Bf5 Qf6 27.
Qc4+ {#r} 1-0

[Event "ICA Summer Classic (Open)"]
[Site "Boise, ID"]
[Date "2013.08.17"]
[Round "3.6"]
[White "Anthony, Ralph J"]
[Black "Roland, Jeffrey T"]
[Result "1/2-1/2"]
[WhiteElo "1510"]
[BlackElo "1731"]
[EventRounds "5"]
[EventCountry "USA"]

1. e4 e5 2. Nf3 Nc6 3. Bb5 a6 4. Ba4 Nf6 5. O-O Nxe4 6. Re1 Nc5 7. Bxc6 dxc6
8. Rxe5+ Be7 9. Nc3 O-O 10. d4 Ne6 11. Re1 Re8 12. Be3 Bd7 13. Ne5 f6 14. Nxd7
Qxd7 15. Ne2 Rad8 16. c3 Bd6 17. Qb3 b6 18. Rad1 Kh8 19. Ng3 Nf4 20. Qc2 g6
21. f3 Nd5 22. Bf2 f5 23. Nf1 f4 24. Nd2 Nf6 25. Ne4 Nxe4 26. Rxe4 Rxe4 27.
Qxe4 Re8 28. Qd3 {#d} 1/2-1/2

[Event "ICA Summer Classic (Open)"]
[Site "Boise, ID"]
[Date "2013.08.17"]
[Round "3.10"]
[White "Douglas, Kurt P"]
[Black "Gorman, Cody Austin"]
[Result "0-1"]
[WhiteElo "1707"]
[BlackElo "1657"]
[EventRounds "5"]
[EventCountry "USA"]

1. e4 b6 2. d4 Bb7 3. Nc3 e6 4. a3 Nf6 5. Bd3 c5 6. Nf3 cxd4 7. Nxd4 Nc6 8.
Nf3 Qc7 9. O-O a6 10. Re1 Bd6 11. g3 Ne5 12. Nxe5 Bxe5 13. Bd2 Bd4 14. Qe2 h5
15. h3 Qxg3+ {#R} 0-1

[Event "ICA Summer Classic (Open)"]
[Site "Boise, ID"]
[Date "2013.08.17"]
[Round "3.11"]
[White "Zlatnik, Sean Douglas"]
[Black "Lundy III, George W"]
[Result "0-1"]
[WhiteElo "1574"]
[BlackElo "1584"]
[EventRounds "5"]
[EventCountry "USA"]

1. c4 g6 2. Nc3 Bg7 3. d4 c5 4. Nf3 cxd4 5. Nxd4 Nc6 6. Nc2 Bxc3+ 7. bxc3 Nf6
8. Bh6 Qa5 9. Qd3 d6 10. Bg7 Rg8 11. Bxf6 exf6 12. Ne3 Be6 13. g3 Ne5 14. Qd4
Rc8 15. Bg2 b6 16. O-O Qc5 17. Qh4 Ke7 18. Nd5+ Bxd5 19. Bxd5 Nxc4 20. Qe4+
Kf8 21. Rfd1 Kg7 22. Qe7 Rc7 23. Qe4 Ne5 24. Rac1 Re8 25. Kf1 Ree7 26. Qb4 Nc6
27. Qf4 Re5 28. Bg2 Rf5 29. Qxd6 Qxf2# 0-1

[Event "ICA Summer Classic (Open)"]
[Site "Boise, ID"]
[Date "2013.08.17"]
[Round "3.12"]
[White "Lee, Conrad"]
[Black "Buus, Jarod"]
[Result "1-0"]
[WhiteElo "1694"]
[BlackElo "1201"]
[EventRounds "5"]
[EventCountry "USA"]

1. d4 d5 2. Nf3 Nf6 3. Bf4 e6 4. e3 c5 5. c3 Bd6 6. Bxd6 Qxd6 7. Ne5 O-O 8.
Bd3 Nbd7 9. f4 cxd4 10. exd4 Ne8 11. O-O Nxe5 12. fxe5 Qe7 13. Qh5 h6 14. h4
f6 15. exf6 Rxf6 16. Rxf6 Qxf6 17. Qxe8+ {#r} 1-0

[Event "ICA Summer Classic (Open)"]
[Site "Boise, ID"]
[Date "2013.08.18"]
[Round "4.1"]
[White "Pupols, Viktors"]
[Black "Kircher, Caleb Paul"]
[Result "1/2-1/2"]
[WhiteElo "2214"]
[BlackElo "1823"]
[EventRounds "5"]
[EventCountry "USA"]

1. d4 d5 2. Nf3 e6 3. c3 Bd6 4. Bg5 Be7 5. Bxe7 Qxe7 6. Nbd2 Nf6 7. e3 Nbd7 8.
Bd3 O-O 9. O-O e5 10. dxe5 Nxe5 11. Nxe5 Qxe5 12. Nf3 Qe7 13. h3 c6 14. Qc2
Re8 15. Rfd1 g6 16. c4 dxc4 17. Bxc4 Be6 18. Bxe6 Qxe6 19. Nd4 Qe7 20. Rd3
Rad8 21. Rad1 Rd5 22. Ne2 Red8 23. Rxd5 Rxd5 24. Rxd5 Nxd5 25. a3 Qe5 26. g3
h5 27. e4 Nb6 28. Kg2 a5 29. f4 Qb5 30. b3 a4 31. bxa4 Qxa4 32. Qxa4 Nxa4 33.
Kf3 Nb2 34. Nc3 b5 35. e5 Nc4 36. Nb1 f6 37. exf6 Kf7 38. g4 Kxf6 39. Ke4 Nb6
40. Nc3 {#d} 1/2-1/2

[Event "ICA Summer Classic (Open)"]
[Site "Boise, ID"]
[Date "2013.08.18"]
[Round "4.2"]
[White "Pitre, Hanniegn"]
[Black "Hosford, Michael J"]
[Result "0-1"]
[WhiteElo "1839"]
[BlackElo "1882"]
[EventRounds "5"]
[EventCountry "USA"]

1. e4 Nc6 2. f4 d5 3. e5 Bf5 4. Bb5 e6 5. Nf3 Nge7 6. Nc3 a6 7. Ba4 b5 8. Nxb5
axb5 9. Bxb5 Bg4 10. O-O Qb8 11. a4 Qb6+ 12. d4 Nf5 13. c3 Be7 14. Qd3 Bxf3
15. Rxf3 h5 16. Be3 Kf8 17. Bf2 Nb8 18. c4 c6 19. cxd5 cxd5 20. Rc1 g6 21.
Rc8+ Kg7 22. Rxh8 Kxh8 23. Qc3 Na6 24. h3 h4 25. Kh2 Qd8 26. Bd3 Rc8 27. Qe1
Nb4 28. Bxf5 gxf5 29. Bxh4 Nc2 30. Qd1 Bxh4 31. Rb3 Kg7 32. g4 Qa5 33. gxf5
exf5 34. Rb7 Nxd4 35. Rxf7+ Kg8 36. e6 Rc2+ 37. Kh1 Qe1+ 38. Qxe1 Bxe1 {#R}
0-1

[Event "ICA Summer Classic (Open)"]
[Site "Boise, ID"]
[Date "2013.08.18"]
[Round "4.3"]
[White "Gordon, David"]
[Black "Vaughn, Michael E"]
[Result "0-1"]
[WhiteElo "1150"]
[BlackElo "1754"]
[EventRounds "5"]
[EventCountry "USA"]

1. e4 Nc6 2. Nf3 d5 3. exd5 Qxd5 4. Nc3 Qa5 5. d4 Bg4 6. Bd2 e6 7. Nb5 Bb4 8.
Bxb4 Qxb4+ 9. c3 Qe7 10. Be2 Nf6 11. h3 Bh5 12. O-O a6 13. Na3 O-O 14. Re1
Rad8 15. Nc4 Bg6 16. Nce5 Nxe5 17. Nxe5 c5 18. Nxg6 hxg6 19. Qc2 cxd4 20. cxd4
Rxd4 21. Rad1 Rfd8 22. Bf3 R4d7 23. Rxd7 Rxd7 24. Rc1 Ne8 25. Qc8 Kh7 26. Qb8
Nd6 27. Rd1 e5 28. b3 e4 29. Be2 Rd8 30. Qa7 f5 31. Bxa6 f4 32. Bf1 g5 33. Qd4
g6 34. Be2 Kh6 35. Bg4 Nf7 36. Qa1 Rxd1+ 37. Qxd1 Ne5 38. Qd4 Nf7 39. Qb2 Qe5
40. Qxe5 Nxe5 41. Kf1 Nxg4 42. hxg4 Kg7 43. Ke2 Kf6 44. g3 Ke5 45. a3 Kd4 46.
Kd2 b5 47. a4 bxa4 48. bxa4 Kc4 49. a5 Kb5 50. Kc3 e3 51. fxe3 fxg3 {#R} 0-1

[Event "ICA Summer Classic (Open)"]
[Site "Boise, ID"]
[Date "2013.08.18"]
[Round "4.4"]
[White "Roland, Jeffrey T"]
[Black "Olsoy, Peter John"]
[Result "1/2-1/2"]
[WhiteElo "1731"]
[BlackElo "1745"]
[EventRounds "5"]
[EventCountry "USA"]

1. d4 Nf6 2. c4 e6 3. Nc3 c5 4. Nf3 cxd4 5. Nxd4 a6 6. e4 d6 7. Be2 Be7 8. O-O
O-O 9. Be3 Nc6 10. f4 Bd7 11. Nb3 Rc8 12. Rc1 Be8 13. Qe1 Nd7 14. Qf2 f5 15.
exf5 Rxf5 16. Bg4 Rf6 17. Ne4 Rg6 18. h3 d5 19. cxd5 exd5 20. Nec5 Nxc5 21.
Nxc5 Bxc5 22. Bxc5 Bd7 23. Bb6 Qe7 24. Rce1 Qd6 25. Bc5 Qc7 {#d} 1/2-1/2

[Event "ICA Summer Classic (Open)"]
[Site "Boise, ID"]
[Date "2013.08.18"]
[Round "4.7"]
[White "Sanderson, Kenneth"]
[Black "Anthony, Ralph J"]
[Result "0-1"]
[WhiteElo "1700"]
[BlackElo "1510"]
[EventRounds "5"]
[EventCountry "USA"]

1. e4 d6 2. d4 Nf6 3. Nc3 g6 4. h3 c6 5. Be3 b5 6. Bd3 Bb7 7. Nf3 Bg7 8. O-O
O-O 9. Qd2 Nbd7 10. Bh6 e5 11. Bxg7 Kxg7 12. Rfe1 exd4 13. Nxd4 b4 14. Nd1 c5
15. Nf3 Re8 16. Qf4 Ne5 17. b3 Nh5 18. Qd2 Nxf3+ 19. gxf3 Qf6 20. Rc1 Nf4 21.
Bf1 Re5 22. Ne3 Rg5+ 23. Kh2 Bc8 24. Ng4 Bxg4 25. fxg4 Qe5 26. f3 h5 27. c3
hxg4 28. fxg4 Rh8 29. Kg1 Nxh3+ 30. Bxh3 Rxh3 31. Re2 Rxg4+ 32. Rg2 Qh2+ {#R}
0-1

[Event "ICA Summer Classic (Open)"]
[Site "Boise, ID"]
[Date "2013.08.18"]
[Round "4.9"]
[White "Lundy III, George W"]
[Black "Lee, Conrad"]
[Result "1-0"]
[WhiteElo "1584"]
[BlackElo "1694"]
[EventRounds "5"]
[EventCountry "USA"]

1. e4 d5 2. Nc3 d4 3. Nce2 e5 4. Ng3 Nf6 5. Bc4 Be6 6. Bb3 Bd6 7. d3 Bb4+ 8.
Bd2 Bxd2+ 9. Qxd2 c5 10. h3 h6 11. Nf5 O-O 12. g4 c4 13. Ba4 b5 14. Bxb5 Qb6
15. Qb4 Nc6 16. Qa4 Qa5+ 17. Qxa5 Nxa5 18. Ba4 cxd3 19. cxd3 Bxf5 20. gxf5
Rab8 21. b3 Rfc8 22. Kd2 Rc3 23. Ne2 Rc7 24. Rhc1 Rbc8 25. Rxc7 Rxc7 26. Rc1
Rxc1 27. Kxc1 Kf8 28. b4 Nb7 29. f4 exf4 30. Nxf4 Nh7 31. h4 Nf6 32. Ne2 g5
33. hxg5 hxg5 34. Nxd4 g4 35. Bd1 Ke8 36. e5 Nd5 37. Ba4+ Kf8 38. a3 Nd8 39.
Nc6 Nb7 40. Nd4 Nd8 41. Kd2 g3 42. Nf3 g2 43. Ng1 Kg7 44. Bd1 Kh6 45. Bf3 Ne7
46. Bxg2 Nxf5 47. Kc3 Ne7 48. Bh3 Ne6 49. Bxe6 fxe6 50. Ne2 Nd5+ 51. Kc4 a6
52. Nc3 Nf4 53. d4 Ng2 54. a4 Ne3+ 55. Kc5 Nc2 56. b5 axb5 57. Nxb5 Ne3 58.
Nc7 Nd5 59. Nxd5 exd5 60. Kxd5 Kg5 61. a5 Kf4 62. a6 Ke3 63. a7 Kd3 64. a8=Q
Ke3 65. Qf8 Ke2 66. Ke4 Kd2 67. Qc5 Ke1 68. Kf3 Kd1 69. Ke3 Ke1 70. Qc1# 1-0

[Event "ICA Summer Classic (Open)"]
[Site "Boise, ID"]
[Date "2013.08.18"]
[Round "4.10"]
[White "Zlatnik, Sean Douglas"]
[Black "Douglas, Kurt P"]
[Result "0-1"]
[WhiteElo "1574"]
[BlackElo "1707"]
[EventRounds "5"]
[EventCountry "USA"]

1. c4 e5 2. Nc3 Nf6 3. Nf3 d6 4. d4 exd4 5. Nxd4 Be7 6. e4 O-O 7. Be2 Bd7 8.
O-O Nc6 9. Nc2 h6 10. b3 Re8 11. Bb2 Ne5 12. Ne3 Bc6 13. f4 Ng6 14. Qc2 Qc8
15. Rad1 Bxe4 16. Nxe4 Nxe4 17. Bxg7 Kxg7 18. Qxe4 Bf6 19. Nf5+ Kf8 20. Qd3
Rxe2 21. Nxd6 Rxg2+ 22. Kxg2 Qg4+ 23. Qg3 Qe2+ 24. Kh1 cxd6 25. Rfe1 Qc2 26.
Qh3 Bg7 27. Qd7 Qf2 28. Qxd6+ Kg8 29. Rf1 Qxa2 30. Rd2 Qxb3 31. f5 Qxc4 32.
Re1 Ne5 33. f6 Qc6+ 34. Qxc6 Nxc6 35. Rg1 Ne5 36. Rxg7+ Kh8 37. Rd5 Re8 38.
Kg2 b6 39. Rd4 Rg8 40. Rxg8+ Kxg8 41. Rd8+ Kh7 42. Ra8 a5 43. Rb8 Nc4 44. Kf3
a4 45. Ke4 b5 46. Rxb5 Nd6+ {#R} 0-1

[Event "ICA Summer Classic (Open)"]
[Site "Boise, ID"]
[Date "2013.08.18"]
[Round "5.1"]
[White "Hosford, Michael J"]
[Black "Pupols, Viktors"]
[Result "0-1"]
[WhiteElo "1882"]
[BlackElo "2214"]
[EventRounds "5"]
[EventCountry "USA"]

1. e4 e5 2. Bc4 Nc6 3. Nf3 Be7 4. d4 d6 5. dxe5 Nxe5 6. Nxe5 dxe5 7. Qxd8+
Bxd8 8. Nc3 c6 9. Be3 Nf6 10. f3 Bb6 11. Bxb6 axb6 12. O-O-O Ke7 13. Bb3 Nd7
14. a3 Nc5 15. Ba2 Be6 16. Bxe6 Nxe6 17. Ne2 Rhd8 18. Rxd8 Kxd8 19. Rd1+ Kc7
20. c3 g6 21. Kc2 b5 22. Nc1 f6 23. g3 Rg8 24. Nd3 g5 25. h3 h5 26. Kd2 c5 27.
Kc2 b6 28. Rd2 Nd8 29. Nf2 Ne6 30. Nd1 h4 31. g4 Nf4 32. Ne3 Nxh3 33. Nd5+ Kb7
34. Ne7 Rg7 35. Nf5 Rh7 36. Rd6 Nf4 37. Rd2 Kc6 38. Rh2 Rd7 39. Rd2 Rf7 40.
Rd8 c4 41. Rc8+ Rc7 42. Rf8 Rd7 43. Rxf6+ Kc7 44. Rh6 Ng2 45. Rg6 Ne1+ 46. Kc1
Nxf3 47. Ne3 h3 48. Nd5+ Rxd5 49. exd5 h2 {#R} 0-1

[Event "ICA Summer Classic (Open)"]
[Site "Boise, ID"]
[Date "2013.08.18"]
[Round "5.2"]
[White "Kircher, Caleb Paul"]
[Black "Vaughn, Michael E"]
[Result "1-0"]
[WhiteElo "1823"]
[BlackElo "1754"]
[EventRounds "5"]
[EventCountry "USA"]

1. e4 d6 2. d4 g6 3. Nf3 Bg7 4. h3 Nd7 5. Bc4 e6 6. O-O h6 7. Re1 Ne7 8. e5
O-O 9. exd6 cxd6 10. c3 Nb6 11. Bb3 Bd7 12. Nbd2 Rc8 13. Qe2 Ned5 14. Ne4 Qe7
15. c4 Nf6 16. Ng3 Rfe8 17. Be3 d5 18. c5 Na8 19. Bc2 Nh7 20. Bd3 Nf8 21. Ne5
Nc7 22. b4 a6 23. a4 f5 24. b5 f4 25. Bxf4 axb5 26. axb5 Qf6 27. Be3 Ra8 28.
c6 bxc6 29. bxc6 Rxa1 30. Rxa1 Bc8 31. Qc2 g5 32. Ra7 Qd8 33. Qc5 Bxe5 34.
dxe5 d4 35. Bd2 Qd5 36. Qd6 Nb5 37. Bxb5 Ng6 38. Qc7 {#r} 1-0

[Event "ICA Summer Classic (Open)"]
[Site "Boise, ID"]
[Date "2013.08.18"]
[Round "5.3"]
[White "Kobernat, Alan E"]
[Black "Olsoy, Peter John"]
[Result "1/2-1/2"]
[WhiteElo "2000"]
[BlackElo "1745"]
[EventRounds "5"]
[EventCountry "USA"]

1. e4 e5 2. Nc3 Nf6 3. f4 d6 4. Nf3 Bg4 5. Bc4 Nc6 6. Bb5 a6 7. Bxc6+ bxc6 8.
d3 Nd7 9. h3 Bxf3 10. Qxf3 Be7 11. O-O O-O 12. f5 Bg5 13. Qg4 Bxc1 14. Raxc1
Nf6 15. Qh4 d5 16. Rcd1 Rb8 17. b3 Qd6 18. Qf2 Qb4 19. Qe1 Rfe8 20. exd5 cxd5
21. Na4 d4 22. Qxb4 Rxb4 23. c4 dxc3 24. Nxc3 Rd4 25. Rfe1 Kf8 26. Ne4 Nxe4
27. Rxe4 Red8 28. Rxe5 Rxd3 29. Rxd3 Rxd3 30. Rc5 Rd2 31. Ra5 Rd6 32. Rc5 Rd2
33. Ra5 {#d} 1/2-1/2